Cultura general por letra - H - Estadísticas

Estadísticas generales
  • Esta prueba ha sido intentada 3.593 veces
  • La puntuación promedio es 13 de 20
Estadísticas de respuestas
Pista Respuesta % Correcto
Padre de familia de la familia Simpson Homero
94%
Establecimiento que brinda alojamiento temporal a turistas y viajeros Hotel
93%
País en Europa central; su capital es Budapest Hungría
93%
Una de las dos ciudades que recibieron una bomba atómica en Japón Hiroshima
92%
Personaje literario creado por J.K. Rowling Harry Potter
90%
Acto delictivo que consiste en quitar la vida a una persona Homicidio
90%
Insecto capaz de levantar, por lo menos, según la especie, 10 veces su propio peso Hormiga
89%
50° estado de Estados Unidos, que antes de serlo, era un reino independiente Hawái
78%
Segunda ciudad más poblada de Alemania Hamburgo
77%
Marca de autos surcoreana Hyundai
77%
Cometa que gira al rededor del sol una vez cada 76 años Halley
75%
Personaje alter ego de Miley Cyrus Hannah Montana
71%
Marca de ropa fast fashion de origen sueco H&M
55%
Lideró la conquista del Imperio azteca Hernán Cortés
46%
Es "la Navidad judía" Hanukkah
42%
Villana de Batman, estudió psiquiatría en la Universidad de Gotham Harley Quinn
42%
Musical de Broadway, que habla sobre la historia de un padre fundador de Estados Unidos Hamilton
27%
Actriz y directora estadounidense, entre cuyas películas destacan "Gatúbela" y "X-Men" Halle Berry
22%
Capital de las Islas Salomón Honiara
22%
Ciudad neerlandesa, centro del distrito de cultivo de bulbos de tulipán, también apodada Bloemenstad Haarlem
13%
No se encontraron pruebas coincidentes
Distribución de puntuación
Porcentaje de gente con cada puntuación
Porcentaje por número respondido
Historial de tus puntuaciones
No has intentado esta prueba.